Juan Diego Cuauhtlatoatzin /

Conjunto de ensayos interpretativos sobre las apariciones de la Virgen de Guadalupe y sobre la figura de Juan Diego, así como sobre la iconografía producida en torno a ellos. Incluye la versión impresa y sonora del famoso Nican Mopohua, escrito primero sobre el fenómeno de las apariciones, realizado...

Бүрэн тодорхойлолт

-д хадгалсан:
Номзүйн дэлгэрэнгүй
Үндсэн зохиолч: Bustamante, Héctor (coord.)
Бусад зохиолчид: Valero de García Lascuráin, Ana Rita (coordinación) (coordinación), Rivera Carrera, Norberto (presentación) (presentación), Valeriano, Antonio (autor) (autor), León-Portilla, Miguel (versión) (versión), Ibáñez, José Luis (dirección y voz) (dirección y voz)
Формат: Ном
Хэл сонгох:испани
Хэвлэсэн: México : Basílica de Nuestra Señora de Guadalupe : DGE Ediciones : El Equilibrista, 2005, c2005
Нөхцлүүд:
Шошгууд: Шошго нэмэх
Шошго байхгүй, Энэхүү баримтыг шошголох эхний хүн болох!

MARC

LEADER 00000nam^a2200000^a^4500
001 000187846
005 20250521000000.0
009 20260310102317.503
020 |a 968-5011-49-4 
037 |a Acervo ITESO - Biblioteca 
041 |a ESP 
082 |a 232. 917  |b BUS 
100 |a Bustamante, Héctor  |e (coord.) 
240 1 1 |a [Nican Mopohua] 
245 1 0 |a Juan Diego Cuauhtlatoatzin /  |c Coord. de H. Bustamante, A.R. Valero de García Lascuráin ; presen. de N. Rivera Carrera. 
264 4 |a México :  |b Basílica de Nuestra Señora de Guadalupe :  |b DGE Ediciones :  |b El Equilibrista,  |c 2005, c2005 
300 |a 223 p +  |e 2 discos compactos sonoros (CDs disponibles) 
336 |a texto  |b txt  |2 rdacontenido 
337 |a sin mediación  |b n  |2 rdamedio 
338 |a volumen  |b nc  |2 rdasoporte 
520 |a Conjunto de ensayos interpretativos sobre las apariciones de la Virgen de Guadalupe y sobre la figura de Juan Diego, así como sobre la iconografía producida en torno a ellos. Incluye la versión impresa y sonora del famoso Nican Mopohua, escrito primero sobre el fenómeno de las apariciones, realizado por don Antonio Valeriano en náhuatl culto, entre 1540 y 1545. El libro se encuentra disponible en Reserva Especial, mientras que los discos en el Area de Material Audiovisual. 
546 |a Edición bilingüe español-nahua 
649 |a XX 
650 |a Santos Mexicanos 
650 |a Virgen de Guadalupe -  |x Apariciones y Milagros -  |x Historia 
650 |a Virgen de Guadalupe -  |x Culto 
650 |a Virgen de Guadalupe en el Arte 
650 |a Literatura Religiosa 
650 |a Literatura Indígena 
650 |a Literatura Nahua 
650 |a Literatura Mexicana -  |y Epoca Colonial, 1517-1821 
650 |a Literatura Mexicana -  |x Historia y Crítica 
650 |a Pintura Religiosa 
650 |a Pintura Virreinal -  |z México 
650 |a Pintura Mexicana 
650 |a Arte Religioso 
650 |a Arte Virreinal -  |z México 
650 |a Arte Mexicano 
650 |a Juan Diego,  |c Santo 
740 0 |a Juan Diego Cuauhtlatoatzin :  |b Nican Mopohua : versión en náhuatl de Miguel León Portilla, leído a cuatro voces /  |c A. Valeriano ; versión de M. León-Portilla ; dir. de J.L. Ibáñez ; voz de Ignacio Silva, Citlalli Pérez, Víctor Pérez, Arturo Rocha. 
740 0 |a Juan Diego Cuauhtlatoatzin :  |b Nican Mopohua : versión en español de Miguel León Portilla, leído a cuatro voces /  |c A. Valeriano ; versión de M. León-Portilla ; dir. y voz de J.L. Ibáñez ; voz de Margarita González, Emilio Méndez, Javier Loza. 
700 |a Valero de García Lascuráin, Ana Rita  |e (coordinación) 
700 |a Rivera Carrera, Norberto  |e (presentación) 
700 |a Valeriano, Antonio  |e (autor) 
700 |a León-Portilla, Miguel  |e (versión) 
700 |a Ibáñez, José Luis  |e (dirección y voz) 
910 |a Fondo General 
920 |a Impresos - Libros 
930 |a Reserva Especial 
905 |a 103 
901 |a 0500130357  |b IT1  |c REE  |u 20250521 
901 |a 0500241712  |b IT2  |c CDM  |u 20250521 
901 |a 0500241711  |b IT2  |c CDM  |u 20250521 
902 |a https://opac.biblio.iteso.mx/vufind/Record/000187846